| 000 | 00768nam a2200301 4500 | ||
|---|---|---|---|
| 005 | 20251024191225.0 | ||
| 008 | 190401b2017 xxu||||| |||| 00| 0 spa d | ||
| 020 | _a9789968483483 | ||
| 041 | _aCAB | ||
| 041 | _aESP | ||
| 082 | _a497.9 G643f | ||
| 100 |
_aGonzález Campos, Guillermo _97547 |
||
| 100 |
_aObando Martínez, Freddy _953264 |
||
| 245 | _aFonología y ortografía del Cabécar: apuntes dirigidos a maestros de lengua y cultura | ||
| 260 | _aCosta Rica | ||
| 260 | _bEUNED | ||
| 260 | _c2017 | ||
| 300 | _a180 páginas | ||
| 490 | _aTurismo | ||
| 650 | _aLENGUA CABÉCAR | ||
| 650 | _aFONOLOGÍA | ||
| 650 | _aORTOGRAFÍA | ||
| 650 | _aINDÍGENAS | ||
| 650 | _aCULTURA | ||
| 650 | _aEDUCACIÓN | ||
| 942 |
_cBK _2ddc |
||
| 999 |
_c11844 _d11844 |
||